000
00330nam a22001217a 4500
999
_c
1060
_d
1060
005
20200824102146.0
008
200824b ||||| |||| 00| 0 eng d
020
_a
1382
040
_c
CML
245
_a
Human Ability.
_c
spearman, C.
260
_a
London
_b
Macmillan
_c
1950
942
_2
ddc
_c
BK
_e
1st Edition
_h
153
_m
SPE